000 00464nam a2200169Ia 4500
008 090711s9999 xx 000 0 und d
082 _b25969
100 _aकंटक सां. घ.
245 _aडोळस आंधळा
260 _c1972
300 _a107
600 _aकंटक सां. घ.
630 _aडोळस आंधळा
700 _aकंटक सां. घ.
730 _aडोळस आंधळा
942 _cBOOK
999 _c298665
_d298665